Textbook of Nutrition (Record no. 158183)

MARC details
000 -LEADER
fixed length control field 00368nam a2200145Ia 4500
008 - FIXED-LENGTH DATA ELEMENTS--GENERAL INFORMATION
fixed length control field 230411s9999 xx 000 0 und d
020 ## - INTERNATIONAL STANDARD BOOK NUMBER
International Standard Book Number 978-93-81390-18-4
041 ## - LANGUAGE CODE
Language code of text/sound track or separate title eng
082 ## - DEWEY DECIMAL CLASSIFICATION NUMBER
Classification number N/613.2/SOH/B08495
100 ## - MAIN ENTRY--PERSONAL NAME
Personal name Sohi Darshan
245 ## - TITLE STATEMENT
Title Textbook of Nutrition
260 ## - PUBLICATION, DISTRIBUTION, ETC. (IMPRINT)
Name of publisher, distributor, etc. S Vikas and Co
Place of publication, distribution, etc. Jalandhar
Date of publication, distribution, etc. 2009
300 ## - PHYSICAL DESCRIPTION
Extent 414p
Holdings
Withdrawn status Lost status Damaged status Not for loan Collection code Home library Current library Date acquired Vendor Cost, normal purchase price Bill number Total Checkouts Total Renewals Full call number Barcode Date last seen Date last checked out Cost, replacement price Bill Date Koha item type Original Barcode
          Smt. Bakul Tambat Institute of Nursing Education Smt. Bakul Tambat Institute of Nursing Education 30/03/2017 Samutkarsh 465.00 4391 29 9 N 613.2 SOH B08495 BTIN-BK-8495 21/07/2025 16/06/2025 339.45 17/04/2010 Books B08495
          Smt. Bakul Tambat Institute of Nursing Education Smt. Bakul Tambat Institute of Nursing Education 30/03/2017 Samutkarsh 465.00 4391     N 613.2 SOH B08498 BTIN-BK-8498 11/04/2023   339.45 17/04/2010 Books B08498
          Smt. Bakul Tambat Institute of Nursing Education Smt. Bakul Tambat Institute of Nursing Education 30/03/2017 Samutkarsh 465.00 4391 25 8 N 613.2 SOH B08499 BTIN-BK-8499 21/07/2025 26/06/2025 339.45 17/04/2010 Books B08499